Žalujúca svedecká výpoveď

Bibliographic Details
Main Author: Kincelová, E. (Author)
Format: Article
Language:Slovak
Subjects:

MARC

LEADER 00000nab a2200000 ar4500
001 vtls009276673
003 SK-MaSNL
005 20260303195855.0
008 080317c19761206xo |r|p|||||||000 b|slo
015 |a SNBRB1976 
038 |a SNKBUCL 
040 |a SNKBUCL  |b slo  |c SNKBUCL  |e AACR2 
041 |a slo 
044 |a xo  |c SK 
080 |a 791.43.079:791.43.05  |2 1997 
080 |a 791.43.05  |2 1997 
100 1 |a Kincelová, E.  |4 aut  |9 1033886 
245 1 0 |a Žalujúca svedecká výpoveď  |c E. Kincelová 
611 2 7 |a Medzinárodný festival dokumentárnych filmov  |n (19.:  |d 1976 :  |c Lipsko, Nemecko)  |2 snkbucl  |9 1229412 
650 0 7 |a dokumentárne filmy  |2 snkbucl  |9 3400 
651 7 |a Lipsko (Nemecko)  |2 snkbucl  |9 31182 
773 0 |t Práca  |g (4.12.1976), s. 6 
852 |a SNK  |b KIS3GCP 
958 |a DE 
999 |c 2165259  |d 2167189